Zmení sa financovanie rozpočtového schodku Ciele menového programu na rok 1994 ostávajú

Bibliographic Details
Main Authors: Podstupka, Ivan (Author), Masár, Vladimír (Author)
Format: Article
Language:Slovak
PhysicalDescription:Fotogr. 1
Subjects:

MARC

LEADER 00000nab a2200000 a 4500
001 vtls000521573
003 SK-MaSNL
005 20260305014948.0
008 120928c xo 0 slo
015 |a SNBRB19rr/mm-uuuuu 
035 |a CL0521711 
040 |a SNKBUCL  |b slo  |c SNKBUCL  |e AACR2 
041 0 |a slo 
044 |a xo  |c SK 
080 |a 336.711(437.6):336.743(437.6)  |2 1981 
080 |a 336.743(437.6)  |2 1981 
100 1 |a Podstupka, Ivan  |4 aut  |9 275288 
245 1 0 |a Zmení sa financovanie rozpočtového schodku  |b Ciele menového programu na rok 1994 ostávajú  |c Ivan Podstupka, Vladimír Masár 
300 |b Fotogr. 1 
650 0 7 |a Národná banka Slovenska  |2 snkbucl  |9 1383201 
655 7 |a články z novín a časopisov  |2 snkbucl  |9 267496 
700 1 |a Masár, Vladimír  |4 aut  |9 731687 
773 0 |t Pravda  |g Roč. 4 (75), č. 126 (1. 6. 1994), s. 1 a 7 
850 |a Slovenská národná knižnica v Martine  |a MTA001 
852 |a SNK  |b KIS3GCP 
958 |a RK 
992 |a RBX 
999 |c 3272269  |d 3274199